Statystyki dla Rozpoznaj polskie miasta po zdjęciach #6

Kliknij tutaj aby rozwiązać quiz!

Ogólne statystyki

  • Ten quiz został rozwiązany 50 razy
  • Średni wynik to 4 z 12

Statystyki odpowiedzi

Odpowiedź% Poprawnych
Sopot
82%
Gniezno
56%
Jawor
51%
Świdnica
51%
Łańcut
44%
Wieliczka
42%
Chorzów
9%
Sobótka
9%
Legionowo
7%
Nowa Sól
7%
Ostrów Wielkopolski
7%
Ostróda
4%

Rozkład punktacji

Percentyl według liczby udzielonych odpowiedzi

Procent ludzi z każdym wynikiem

Twoja historia wyników

Nie rozwiązałeś tego quizu